Clear intentions for winning applications. (Record no. 60477)

MARC details
000 -LEADER
fixed length control field 01003cam a2200193 4500
001 - CONTROL NUMBER
control field ABS60828
008 - FIXED-LENGTH DATA ELEMENTS--GENERAL INFORMATION
fixed length control field 000000n1999 000 0 eng u
035 ## - SYSTEM CONTROL NUMBER
System control number (Sirsi) u101329
100 ## - MAIN ENTRY--PERSONAL NAME
Personal name Hall, B.
245 ## - TITLE STATEMENT
Title Clear intentions for winning applications.
260 ## - PUBLICATION, DISTRIBUTION, ETC.
Date of publication, distribution, etc. 1999
490 ## - SERIES STATEMENT
Series statement Property Week
Volume/sequential designation 64(21) 28 May, 16(1)
520 ## - SUMMARY, ETC.
Summary, etc. Discusses a recent Court of Appeal decision in the case "Tesco Stores Ltd v North Norfolk District Council" which related to the development of a new supermarket. The case hinged on a drainage condition attached to the permission, with the Court of Appeal upholding the decision of the High Court that it was possible for a letter or plan to cover two purposes, for example a drainage condition and reserved matters, however the applicant must make this clear when the application is put to the Council.
650 ## - SUBJECT ADDED ENTRY--TOPICAL TERM
Topical term or geographic name entry element PLANNING PERMISSION
650 ## - SUBJECT ADDED ENTRY--TOPICAL TERM
Topical term or geographic name entry element RESERVED MATTERS
650 ## - SUBJECT ADDED ENTRY--TOPICAL TERM
Topical term or geographic name entry element PLANNING CONDITIONS
690 ## - LOCAL SUBJECT ADDED ENTRY--TOPICAL TERM (OCLC, RLIN)
Topical term or geographic name as entry element PLANNING LAW AND PRACTICE
942 ## - ADDED ENTRY ELEMENTS (KOHA)
Suppress in OPAC 0
Holdings
Withdrawn status Lost status Source of classification or shelving scheme Damaged status Not for loan Home library Current library Shelving location Date acquired Total Checkouts Full call number Barcode Date last seen Copy number Price effective from Koha item type
    Dewey Decimal Classification     London London Journal article 03/11/1999   ABS60828 101329-1001 06/08/2019 1 06/08/2019 Journal article